Histoire du calcul
Αποθηκεύτηκε σε:
| Κύριος συγγραφέας: | |
|---|---|
| Μορφή: | Βιβλίο |
| Γλώσσα: | French |
| Δημοσίευση: |
Paris :
Presses Universitaires de France,
1948
|
| Σειρά: | Que sais-je?
; 198 |
| Θέματα: | |
| Ετικέτες: |
Προσθήκη ετικέτας
Δεν υπάρχουν, Καταχωρήστε ετικέτα πρώτοι!
|
MARC
| LEADER | 00000cam a2200000 i 4500 | ||
|---|---|---|---|
| 001 | 1/7893 | ||
| 008 | 100528s1948 fre d | ||
| 035 | |l 10108040 | ||
| 040 | |a GR-MY-UA |b gre |e aacr | ||
| 041 | 0 | |a fre | |
| 082 | 0 | |a 510.9 |2 (22) | |
| 100 | 1 | |a Taton, Rene. | |
| 245 | 1 | 0 | |a Histoire du calcul / |c par Rene Taton |
| 260 | |a Paris : |b Presses Universitaires de France, |c 1948 | ||
| 300 | |a 126 σ.; |c 17 εκ. | ||
| 490 | 1 | |a Que sais-je? |v ; 198 | |
| 650 | 0 | 0 | |a Mathematics |x History. |
| 830 | 0 | |a Que sais-je? |v ; 198 | |
| 852 | |a INST |b SAMOS |c MAG |e 20100528 |h 510.9 TAT |p 005300031825 |q 005300031825 |t BK |y 0 | ||
| 901 | |a BIBL3-2010-2 | ||
| 909 | |a Σ |b 162376 | ||
| 970 | |a ΣΙΤΖΙΜΗ |b ΓΙΑΣΕΜΗ |z 2010/05/28 | ||